000
00231nam a22000857a 4500
008
160715b xxu||||| |||| 00| 0 eng d
100
_9
2921
_a
Saxena A
245
_a
Atlas the world Explorer
260
_a
New Delhi
_b
S.Chand Publication
_c
2011
999
_c
2486
_d
2486